000 01297nam a22003497a 4500
003 CHAP
005 20220329140900.0
008 971013s r 00010 d
010 _a59217
011 _a60189
035 _a64349
040 _cCHAP
082 _a631.44
_bP7
110 _aPrograma Nacional de Desmontes. México
_992337
245 _aMetodología para delimitar la superficie nacional factible de abrirse al cultivo
260 _a(México) :
_bEl Programa,
_c(s.a.)
300 _a70 p.
_b: ilus.
590 _aBATCH-UPD
_b10
_c20130110
_lUCH01
_h1915
590 _aBATCH-UPD
_b10
_c20130410
_lUCH01
_h1241
590 _aBATCH-UPD
_b10
_c20130914
_lUCH01
_h2038
590 _aCONVERSION
_b10
_c20130109
_lUCH01
_h1332
650 1 4 _aSuelos agrícolas.
_9110531
650 1 4 _aSuelos y cultivos.
_9110571
650 1 4 _aSuelos
_xClasificación.
_9110239
901 _aBK
942 _cLIBRO
949 _a631.44 P7
_bBC
_cLIBRO
_d-140121
_eLIBRO
_h40888
_i64349
_mD
_si
949 _a631.44 P7
_bBC
_cLIBRO
_d-140122
_eLIBRO
_fc.2
_h40889
_i64349
_mD
_si
949 _a631.44 P7
_bBC
_cLIBRO
_d-140123
_eLIBRO
_fc.3
_h40890
_i64349
_mD
_si
949 _a631.44 P7
_bBC
_cLIBRO
_d33724000072013
_eLIBRO
_fc.4
_h40891
_i64349
_mD
_si
949 _a631.44 P7
_bBC
_cLIBRO
_d33724000072120
_eLIBRO
_fc.5
_h40892
_i64349
_mD
_si
999 _c59217
_d59217